| 000 | 00642 a2200253 4500 | ||
|---|---|---|---|
| 260 | _aParis | ||
| 650 | _aGéographie humaine | ||
| 630 | _a91 - Geographie. Exploration de la terre, des diverses regions, des divers pays. Voyages. Geographie regionale | ||
| 650 | _a9 - GEOGRAPHIE ET HISTOIRE | ||
| 100 | _aBrunhes, Jean | ||
| 260 | _bPUF | ||
| 300 | _a393 p. | ||
| 245 | _aLa Géographie humaine | ||
| 650 | _aGéographie humaine | ||
| 650 | _aHabitat | ||
| 650 | _aUrbanisation | ||
| 650 | _aElevage domestique | ||
| 260 | _c1956 | ||
| 300 | _b24 cm | ||
| 100 | _lFr | ||
| 250 | _a3è éd. | ||
| 999 |
_c35611 _d35611 |
||